[Event "Fagernes Chess International"]
[Site "Fagernes"]
[Date "2015.03.29"]
[Round "2"]
[White "Hoem, Tor Wetle"]
[Black "Smits, Frans"]
[Result "0-1"]
[WhiteElo "2039"]
[BlackElo "2064"]
[PlyCount "44"]
[EventDate "2015.??.??"]

1. d4 d5 2. Nf3 Nf6 3. e3 Bg4 4. c4 c6 5. Nc3 e6 6. Qb3 Qc7 7. Be2 Nbd7 8. Bd2
dxc4 9. Qxc4 Bd6 10. Rc1 Qd8 11. e4 e5 12. O-O h6 13. Rfe1 O-O 14. Rcd1 Qe7 15.
Qd3 Bxf3 16. Bxf3 exd4 17. Qxd4 Ne5 18. Be2 Bc5 19. Qa4 Nfg4 20. Bxg4 Nxg4 21.
Re2 Qh4 22. h3 Bxf2+
0-1

[Event "Fagernes Chess International"]
[Site "Fagernes"]
[Date "2015.03.29"]
[Round "2"]
[White "Donchenko, Irina"]
[Black "Nordquelle, Daniel"]
[Result "1-0"]
[WhiteElo "2058"]
[BlackElo "1874"]
[PlyCount "109"]
[EventDate "2015.??.??"]

1. d4 f5 2. Bg5 g6 3. Nc3 d5 4. e3 Bg7 5. Nf3 Nf6 6. Bxf6 Bxf6 7. Ne2 b5 8. Nf4
a6 9. a4 b4 10. Nd3 Nc6 11. Be2 O-O 12. O-O Qd6 13. Qd2 a5 14. c3 Ba6 15. Rfc1
Bxd3 16. Bxd3 e5 17. Bb5 e4 18. Bxc6 Qxc6 19. cxb4 Qd6 20. Ne5 Bxe5 21. dxe5
Qxe5 22. bxa5 f4 23. Qd4 Qxd4 24. exd4 Rxa5 25. Rxc7 Rb8 26. Rc5 Rxc5 27. dxc5
Rxb2 28. a5 Kf7 29. c6 Rb8 30. Rc1 Ke7 31. a6 d4 32. a7 Rc8 33. Rb1 d3 34. Kf1
e3 35. fxe3 fxe3 36. g4 Rf8+ 37. Ke1 Kd6 38. Rb8 d2+ 39. Ke2 Rf2+ 40. Kxe3 d1=Q
41. Rd8+ Kc7 42. Rxd1 Ra2 43. Rd7+ Kxc6 44. Rxh7 Kd6 45. Kf4 Ra5 46. Rg7 Ke6
47. a8=Q Rxa8 48. Kg5 Ra2 49. Rxg6+ Kf7 50. Rf6+ Kg7 51. h4 Ra4 52. Rf5 Rb4 53.
h5 Rb6 54. Rc5 Rb7 55. h6+
1-0

[Event "Fagernes Chess International"]
[Site "Fagernes"]
[Date "2015.03.29"]
[Round "2"]
[White "Tangelder, Yonne"]
[Black "Bentsen, Håkon"]
[Result "0-1"]
[WhiteElo "1875"]
[BlackElo "2050"]
[PlyCount "74"]
[EventDate "2015.??.??"]

1. f4 d5 2. Nf3 Nf6 3. g3 g6 4. Bg2 Bg7 5. O-O O-O 6. d3 c6 7. Qe1 Bf5 8. h3 h5
9. c3 Na6 10. Nd4 Nc5 11. Nd2 Bc8 12. N2f3 Qe8 13. b4 Ne6 14. Nxe6 Bxe6 15. e4
dxe4 16. dxe4 a5 17. e5 axb4 18. exf6 Bxf6 19. Bb2 Qc8 20. Ne5 bxc3 21. Bxc3
Bxh3 22. Rf2 Bxg2 23. Rxg2 Qf5 24. Rb1 b5 25. Nxc6 Qc5+ 26. Nd4 Bxd4+ 27. Bxd4
Qxd4+ 28. Kh2 Qd5 29. Rd2 Rxa2 30. Rbb2 Rxb2 31. Rxb2 Qc5 32. Qe4 Rd8 33. Rc2
Qf5 34. Qe2 Qd3 35. Qf2 b4 36. Rb2 Qe4 37. Qc5 Rd1
0-1

[Event "Fagernes Chess International"]
[Site "Fagernes"]
[Date "2015.03.29"]
[Round "2"]
[White "Bjørgvik, Jan Arne"]
[Black "Machlik, Endre"]
[Result "0-1"]
[WhiteElo "1833"]
[BlackElo "2036"]
[PlyCount "96"]
[EventDate "2015.??.??"]

1. e4 c6 2. d4 d5 3. exd5 cxd5 4. Nf3 Bg4 5. Be2 Nc6 6. O-O Nf6 7. h3 Bh5 8. c3
e6 9. Re1 Bd6 10. Ne5 Bxe2 11. Qxe2 O-O 12. Bg5 Qc7 13. Bxf6 gxf6 14. Ng4 f5
15. Ne5 Bxe5 16. dxe5 b5 17. Qe3 Kh8 18. Qh6 Rg8 19. Qf6+ Rg7 20. Nd2 b4 21.
Re3 Kg8 22. Nf3 Qb7 23. cxb4 d4 24. Rb3 Rg6 25. Qh4 Nxe5 26. Qf4 Nxf3+ 27. Qxf3
Qe4 28. Rd1 e5 29. Kf1 Rc8 30. Re1 Qxf3 31. Rxf3 f6 32. a4 Rc2 33. Re2 Rc4 34.
Rb3 e4 35. Rd2 Rc1+ 36. Ke2 d3+ 37. Ke3 Rxg2 38. Rc3 Re1+ 39. Kd4 e3 40. Rdxd3
exf2 41. Rf3 f1=Q 42. Rxf1 Rxf1 43. Rc8+ Kf7 44. Rc7+ Kg6 45. Rxa7 Rc2 46. b3
Rd1+ 47. Ke3 Rc3+ 48. Ke2 Ra1
0-1

[Event "Fagernes Chess International"]
[Site "Fagernes"]
[Date "2015.03.29"]
[Round "2"]
[White "Olsen, Robin"]
[Black "Robertsen, Bjørn"]
[Result "1-0"]
[WhiteElo "2030"]
[BlackElo "1810"]
[PlyCount "61"]
[EventDate "2015.??.??"]

1. d4 d5 2. c4 c6 3. Nf3 Nf6 4. Nc3 dxc4 5. a4 Bf5 6. e3 e6 7. Bxc4 Bb4 8. O-O
O-O 9. Nh4 Bg4 10. f3 Bh5 11. g4 Bg6 12. Nxg6 hxg6 13. Qb3 Qe7 14. Na2 Bd6 15.
g5 Nd5 16. f4 Nb6 17. Be2 c5 18. a5 Nd5 19. e4 Nb4 20. Nxb4 cxb4 21. Be3 Nc6
22. Bf3 Bc7 23. a6 bxa6 24. e5 Na5 25. Qd3 Rad8 26. Ra4 Qd7 27. Rxb4 Nc6 28.
Bxc6 Qxc6 29. Rc1 Qd7 30. Rb7 Rc8 31. Qc4
1-0

[Event "Fagernes Chess International"]
[Site "Fagernes"]
[Date "2015.03.29"]
[Round "2"]
[White "Engevik, Bjarne J."]
[Black "Nilsen, Martin"]
[Result "0-1"]
[WhiteElo "1819"]
[BlackElo "2025"]
[PlyCount "52"]
[EventDate "2015.??.??"]

1. e4 e6 2. c4 c5 3. Nc3 Nc6 4. d3 a6 5. g3 g6 6. Bg2 Bg7 7. Nge2 Nge7 8. O-O
O-O 9. f4 f5 10. e5 d6 11. Be3 b6 12. d4 dxe5 13. dxe5 Qc7 14. Qd6 Qb7 15. Rfd1
Re8 16. Nb5 Bf8 17. Qc7 axb5 18. Qxb7 Bxb7 19. cxb5 Na5 20. Bxb7 Nxb7 21. Rd7
Na5 22. Rc1 Red8 23. Rcd1 Rxd7 24. Rxd7 Nc4 25. Bc1 Rxa2 26. Nc3 Ra1
0-1

[Event "Fagernes Chess International"]
[Site "Fagernes"]
[Date "2015.03.29"]
[Round "2"]
[White "Melkevik, Johannes"]
[Black "Nilsen, Tobias Lang"]
[Result "1-0"]
[WhiteElo "2014"]
[BlackElo "1761"]
[PlyCount "63"]
[EventDate "2015.??.??"]

1. e4 e6 2. d4 d5 3. Nd2 Nf6 4. e5 Nfd7 5. Bd3 c5 6. c3 Nc6 7. Ne2 cxd4 8. cxd4
f6 9. exf6 Nxf6 10. Nf3 Bd6 11. O-O O-O 12. Nc3 a6 13. Bg5 Qc7 14. Bh4 Bd7 15.
Re1 Rae8 16. Rc1 Bf4 17. Bg3 Nh5 18. Rc2 Nxg3 19. hxg3 Bd6 20. Ng5 g6 21. Nxh7
Rf7 22. Ng5 Rf6 23. Nf3 Qb6 24. Ne5 Bc8 25. Bxg6 Re7 26. Qg4 Rg7 27. Nxd5 exd5
28. Qxc8+ Rf8 29. Qe6+ Kh8 30. Qh3+ Kg8 31. Qe6+ Kh8 32. Qxd6
1-0

[Event "Fagernes Chess International"]
[Site "Fagernes"]
[Date "2015.03.29"]
[Round "2"]
[White "Standal, Bård"]
[Black "Ranaldi, Lucas"]
[Result "1/2-1/2"]
[WhiteElo "1771"]
[BlackElo "2014"]
[PlyCount "87"]
[EventDate "2015.??.??"]

1. Nf3 c5 2. d3 Nc6 3. Nbd2 g6 4. e4 Bg7 5. c3 d6 6. g3 e5 7. Bg2 Nge7 8. O-O
O-O 9. Qe2 h6 10. Re1 Be6 11. Nf1 Kh7 12. h3 Qd7 13. g4 f5 14. exf5 gxf5 15.
gxf5 Bxf5 16. Kh2 Ng6 17. Ng3 Be6 18. Ne4 Nf4 19. Bxf4 Rxf4 20. Rf1 Ne7 21.
Rae1 Ng6 22. Nfg5+ Kh8 23. Nxe6 Qxe6 24. Bf3 Raf8 25. Bg4 Qe7 26. f3 d5 27. Ng3
Qd6 28. Nh5 Ra4 29. a3 Ra6 30. Nxg7 Kxg7 31. Kh1 Kh7 32. d4 cxd4 33. cxd4 exd4
34. Qd3 Qf6 35. Bh5 Kh8 36. Bxg6 Qxg6 37. Qxd4+ Raf6 38. Kh2 Qc2+ 39. Rf2 Qc7+
40. f4 Kh7 41. Qd3+ Kh8 42. Qd4 Kh7 43. Qd3+ Kh8 44. Qd4
1/2-1/2

[Event "Fagernes Chess International"]
[Site "Fagernes"]
[Date "2015.03.29"]
[Round "2"]
[White "Edakina, Anastasia"]
[Black "Taksrud, Vidar"]
[Result "0-1"]
[WhiteElo "1760"]
[BlackElo "2009"]
[PlyCount "94"]
[EventDate "2015.??.??"]

1. e4 Nf6 2. e5 Nd5 3. d4 d6 4. c4 Nb6 5. exd6 cxd6 6. Nc3 Nc6 7. h3 g6 8. Nf3
Bg7 9. Be3 O-O 10. Be2 d5 11. c5 Nc4 12. Bxc4 dxc4 13. O-O Bf5 14. d5 Nb4 15.
Ne1 Bd3 16. Nxd3 Nxd3 17. Qd2 Qa5 18. Ne4 Qxd2 19. Nxd2 Nxb2 20. Rac1 Rfd8 21.
Nxc4 Nxc4 22. Rxc4 Rxd5 23. Rb1 Be5 24. f4 Bf6 25. Rxb7 Rd3 26. Kf2 Ra3 27. Rc2
Rc8 28. c6 Bc3 29. c7 Kg7 30. Bxa7 Rxa7 31. Rxa7 Bd4+ 32. Ke2 Bxa7 33. Rc6 Kf8
34. a4 Ke8 35. a5 Kd7 36. Rc4 Rxc7 37. Ra4 Rc3 38. Kd2 Rc5 39. a6 Kc6 40. Kd3
Kb6 41. Rd4 e6 42. Rd7 Rd5+ 43. Rxd5 exd5 44. Kd4 Kc6+ 45. Kd3 Kb5 46. g4 f5
47. gxf5 gxf5
0-1

[Event "Fagernes Chess International"]
[Site "Fagernes"]
[Date "2015.03.29"]
[Round "2"]
[White "Pettersen, Joar Gullestad"]
[Black "Mansoor, Safeer Uddin"]
[Result "1-0"]
[WhiteElo "1979"]
[BlackElo "1300"]
[PlyCount "135"]
[EventDate "2015.??.??"]

1. Nf3 Nf6 2. c4 c5 3. d4 cxd4 4. Nxd4 Nc6 5. Nc3 g6 6. e4 d6 7. Nc2 Bg7 8. Be2
Be6 9. O-O O-O 10. h3 Rc8 11. Rb1 Nd7 12. Bd2 Nd4 13. Nxd4 Bxd4 14. Bh6 Bg7 15.
Bxg7 Kxg7 16. b3 Qb6 17. Nd5 Qd8 18. Qd4+ Kg8 19. Qxa7 Nc5 20. Qb6 Ra8 21. Qxd8
Rfxd8 22. Nc3 Bd7 23. Rb2 Ne6 24. Rd1 Ra5 25. g3 Bc6 26. f3 f5 27. exf5 Rxf5
28. f4 Rdf8 29. Bg4 R5f6 30. Re2 Ng7 31. Nd5 Bxd5 32. Rxd5 h5 33. Bd7 e5 34.
fxe5 dxe5 35. Rdxe5 Rd6 36. Be6+ Nxe6 37. Rxe6 Rd1+ 38. Kg2 Rff1 39. Rf2 Rh1
40. h4 Rhg1+ 41. Kf3 Rd3+ 42. Ke4 Rgxg3 43. Rxg6+ Rxg6 44. Kxd3 Rg4 45. Rh2 Kf7
46. a4 Ke6 47. b4 Kd6 48. Rh3 Kc6 49. a5 Kd6 50. Kc3 Kc6 51. Kb3 Kd6 52. Rd3+
Kc7 53. Rh3 Kd6 54. b5 Kc5 55. Rf3 Rxh4 56. Rf5+ Kd6 57. Rf7 Kc5 58. Rc7+ Kd4
59. Rxb7 Rh3+ 60. Kb4 Rh1 61. Rd7+ Ke5 62. a6 h4 63. a7 Ra1 64. b6 h3 65. Rh7
Kd4 66. Rh4+ Ke5 67. Rxh3 Kd6 68. b7
1-0

[Event "Fagernes Chess International"]
[Site "Fagernes"]
[Date "2015.03.29"]
[Round "2"]
[White "Mansoor, Afras"]
[Black "Machlik, Monika"]
[Result "0-1"]
[WhiteElo "1625"]
[BlackElo "1967"]
[PlyCount "68"]
[EventDate "2015.??.??"]

1. d4 Nf6 2. Bg5 e6 3. e4 h6 4. Bxf6 Qxf6 5. c3 d6 6. Nf3 e5 7. Nbd2 g6 8. d5
Bg7 9. Bb5+ Nd7 10. Qb3 Qe7 11. O-O O-O 12. Qc2 Nf6 13. c4 Nh5 14. b4 f5 15. c5
f4 16. Rac1 g5 17. h3 Qf6 18. Nh2 Qg6 19. cxd6 cxd6 20. Qc4 f3 21. Ndxf3 Nf4
22. Rc2 g4 23. hxg4 Bxg4 24. Qc3 Nxg2 25. Nh4 Nxh4 26. Qg3 Nf3+ 27. Nxf3 Rxf3
28. Qg2 Qh5 29. Rc7 Qh3 30. Qxh3 Rxh3 31. Rfc1 Bf3 32. Rc8+ Rxc8 33. Rxc8+ Kh7
34. Rc3 Rh1#
0-1

[Event "Fagernes Chess International"]
[Site "Fagernes"]
[Date "2015.03.29"]
[Round "2"]
[White "Fossan, Andreas"]
[Black "Grindbakken, Erik"]
[Result "0-1"]
[WhiteElo "1873"]
[BlackElo "1546"]
[PlyCount "74"]
[EventDate "2015.??.??"]

1. d4 f5 2. c4 Nf6 3. g3 e6 4. Bg2 d5 5. Nf3 c6 6. O-O Bd6 7. b3 O-O 8. Bb2 Ne4
9. Nbd2 b6 10. Qc2 Na6 11. Rad1 Bd7 12. Ne5 Bxe5 13. dxe5 Rc8 14. f3 Nxd2 15.
Qxd2 Be8 16. e4 fxe4 17. Ba3 Nc5 18. b4 Nd3 19. fxe4 Rxf1+ 20. Bxf1 Nxe5 21.
Qf2 Bh5 22. Be2 Bxe2 23. Qxe2 Nxc4 24. exd5 exd5 25. Qe6+ Kh8 26. Bc1 Qe8 27.
Qh3 Rc7 28. Bg5 Rf7 29. Qg4 h6 30. Bf4 Re7 31. Kf2 Re4 32. Qh4 Ne3 33. Re1 Ng4+
34. Qxg4 Rxe1 35. Bd2 Re4 36. Qf3 Re7 37. Kg2 Re2+
0-1

[Event "Fagernes Chess International"]
[Site "Fagernes"]
[Date "2015.03.29"]
[Round "2"]
[White "Shehzad, Shazil"]
[Black "Ali, Karim"]
[Result "0-1"]
[WhiteElo "1518"]
[BlackElo "1798"]
[PlyCount "64"]
[EventDate "2015.??.??"]

1. e4 Nc6 2. d4 d5 3. e5 Bf5 4. Nc3 e6 5. Nf3 Bb4 6. Nh4 Qxh4 7. Be3 Nh6 8. h3
f6 9. exf6 Qxf6 10. Bd3 Nxd4 11. Bxd4 Qxd4 12. Bb5+ c6 13. Bxc6+ bxc6 14. Qxd4
Bxc3+ 15. Qxc3 O-O 16. g4 Be4 17. Rf1 Rac8 18. Qe5 Bf3 19. Rg1 Nf7 20. Qe3 Be4
21. Kd2 Ne5 22. Rg3 Nc4+ 23. Kc3 Nxe3 24. fxe3 c5 25. Rc1 e5 26. Re1 Rf2 27.
Rc1 d4+ 28. Kc4 Rxc2+ 29. Rxc2 Bxc2 30. exd4 cxd4+ 31. Kd5 d3 32. Rg2 d2
0-1

[Event "Fagernes Chess International"]
[Site "Fagernes"]
[Date "2015.03.29"]
[Round "2"]
[White "Lund, Gunnar"]
[Black "Tenold, Andreas"]
[Result "1-0"]
[WhiteElo "1719"]
[BlackElo "1466"]
[PlyCount "21"]
[EventDate "2015.??.??"]

1. e4 c5 2. Nf3 Nc6 3. d4 cxd4 4. Nxd4 e6 5. Nc3 Bc5 6. Nxc6 bxc6 7. Bd3 Ne7 8.
O-O O-O 9. Qh5 d5 10. exd5 cxd5 11. Qxh7#
1-0

[Event "Fagernes Chess International"]
[Site "Fagernes"]
[Date "2015.03.29"]
[Round "2"]
[White "Larsen, Per Magnus"]
[Black "Berntsen-Øybø, August"]
[Result "0-1"]
[WhiteElo "1312"]
[BlackElo "1717"]
[PlyCount "52"]
[EventDate "2015.??.??"]

1. d4 d5 2. c4 e6 3. Nc3 Nf6 4. Bg5 c6 5. e3 Nbd7 6. Nf3 Qa5 7. cxd5 Nxd5 8.
Qb3 N7b6 9. Nd2 Nxc3 10. bxc3 Qxg5 11. Ne4 Qd5 12. Qc2 Be7 13. Be2 f5 14. Nd2
Qxg2 15. Bf3 Qg6 16. Ke2 O-O 17. Rag1 Qe8 18. h4 c5 19. Qd3 Qa4 20. e4 c4 21.
Qb1 fxe4 22. Bxe4 h6 23. Bh7+ Kh8 24. Rxg7 Nd5 25. Rg8+ Rxg8 26. Bxg8 Nxc3+
0-1

[Event "Fagernes Chess International"]
[Site "Fagernes"]
[Date "2015.03.29"]
[Round "2"]
[White "Brobakken, Lars Erik"]
[Black "Mørkedal, Øyvind"]
[Result "1-0"]
[WhiteElo "1284"]
[BlackElo "1711"]
[PlyCount "135"]
[EventDate "2015.??.??"]

1. d4 Nf6 2. Nf3 d5 3. c4 c6 4. Nc3 dxc4 5. a4 Bf5 6. e3 e6 7. Bxc4 Bb4 8. O-O
O-O 9. Qb3 Qe7 10. Nh4 Bg6 11. Nxg6 hxg6 12. f3 a5 13. e4 Nbd7 14. Bg5 e5 15.
d5 Nb6 16. Kh1 Qc5 17. Bd3 Bxc3 18. bxc3 cxd5 19. exd5 Nfxd5 20. Be4 Nf4 21.
Bxf4 exf4 22. Bxg6 Nd5 23. Be4 Ne3 24. Rfe1 Qg5 25. Re2 Rfd8 26. Qxb7 Rab8 27.
Qa6 Rd7 28. c4 Rbd8 29. Bd5 Nxd5 30. Qxa5 Qf6 31. Rae1 Ne3 32. c5 Qg5 33. Qb4
Rd1 34. g3 Qh5 35. Qxf4 Rxe1+ 36. Rxe1 Rd2 37. h4 Qxc5 38. Qxe3 Qc2 39. Qe8+
Kh7 40. Qe4+ Qxe4 41. Rxe4 Ra2 42. Kg1 g6 43. Rd4 Kg7 44. g4 Ra3 45. Kf2 Kf6
46. Kg3 Kg7 47. Kf4 Kf6 48. Rd6+ Ke7 49. Ra6 Kf8 50. h5 gxh5 51. gxh5 Kg7 52.
Kg4 Ra1 53. h6+ Kh7 54. Kf5 Rh1 55. a5 Rh5+ 56. Kg4 Rb5 57. f4 Rb1 58. Rb6 Ra1
59. a6 Ra5 60. f5 Ra4+ 61. Kg5 Ra1 62. Kf6 Kxh6 63. Kxf7+ Kg5 64. f6 Kf5 65.
Ke7 Re1+ 66. Kd7 Kg6 67. Kc7 Kf7 68. a7
1-0

[Event "Fagernes Chess International"]
[Site "Fagernes"]
[Date "2015.03.29"]
[Round "2"]
[White "Bue, Gunnar"]
[Black "Skjølingstad, Sverre"]
[Result "1/2-1/2"]
[WhiteElo "1673"]
[BlackElo "1513"]
[PlyCount "68"]
[EventDate "2015.??.??"]

1. d4 Nf6 2. c4 c5 3. e3 g6 4. Nf3 Bg7 5. Nc3 Qc7 6. Bd3 a6 7. O-O O-O 8. a3 d6
9. b3 b6 10. Bb2 Bb7 11. e4 Nbd7 12. d5 Ng4 13. h3 Nge5 14. Nxe5 Nxe5 15. f4
Nxd3 16. Qxd3 Qd7 17. Na4 Bxb2 18. Nxb2 b5 19. f5 Rab8 20. Rf3 Ba8 21. Raf1
bxc4 22. Nxc4 Qb5 23. h4 Kg7 24. Qc3+ Kg8 25. fxg6 fxg6 26. Rxf8+ Rxf8 27.
Rxf8+ Kxf8 28. Qh8+ Kf7 29. Qxh7+ Kf6 30. Qh8+ Kf7 31. Qc3 Qe8 32. a4 Qg8 33.
Kh2 Ke8 34. Ne3 Kd7
1/2-1/2

[Event "Fagernes Chess International"]
[Site "Fagernes"]
[Date "2015.03.29"]
[Round "2"]
[White "Shehzad, Alisha"]
[Black "Jacobsen, Caroline Beer"]
[Result "0-1"]
[WhiteElo "879"]
[BlackElo "1668"]
[PlyCount "160"]
[EventDate "2015.??.??"]

1. e4 e5 2. Nf3 Nc6 3. Bb5 a6 4. Bxc6 dxc6 5. d3 Bg4 6. O-O Bc5 7. Be3 Bb6 8.
Nc3 Bd4 9. Rb1 Ne7 10. h3 Bh5 11. Re1 f6 12. Qe2 Bf7 13. a3 O-O 14. Nh2 c5 15.
Kh1 Qd7 16. f4 exf4 17. Bxf4 Ng6 18. Bg3 Ne5 19. Rf1 b5 20. Nf3 Nxf3 21. Qxf3
c6 22. Qf5 Be6 23. Qf3 a5 24. Ne2 Ba2 25. Ra1 Qe6 26. Nxd4 cxd4 27. b3 Bxb3 28.
cxb3 Qxb3 29. Rfb1 Qe6 30. Qf5 Qe7 31. Rc1 Rfc8 32. Qc5 Qd7 33. Qd6 Ra7 34.
Qxd7 Rxd7 35. Rc5 Rb7 36. Rac1 b4 37. Rxa5 b3 38. Rac5 b2 39. Rb1 Rb3 40. Rc2
Rxd3 41. Bf2 c5 42. Rcxb2 Rxa3 43. Rd2 Rc3 44. Rbd1 Re8 45. Re1 d3 46. Re3 c4
47. Rd1 Rc2 48. Be1 Re5 49. Kg1 f5 50. Kh2 fxe4 51. Kg3 g5 52. Rd2 Rc1 53. h4
h6 54. Kg4 c3 55. Rdxd3 Rxe1 56. Rxc3 Rxe3 57. Rxe3 Kf7 58. hxg5 hxg5 59. g3
Ke6 60. Kh3 Kf5 61. Kg2 Rd5 62. Re2 Rd4 63. Kf2 Rd3 64. Kg2 Rf3 65. Kh2 g4 66.
Kg2 Rb3 67. Kf2 Ke5 68. Re1 Kd4 69. Rd1+ Rd3 70. Re1 e3+ 71. Ke2 Rd2+ 72. Kf1
Ke4 73. Kg1 Kf3 74. Kf1 e2+ 75. Rxe2 Rxe2 76. Kg1 Kxg3 77. Kf1 Kf3 78. Kg1 Rd2
79. Kh1 Kg3 80. Kg1 Rd1#
0-1

[Event "Fagernes Chess International"]
[Site "Fagernes"]
[Date "2015.03.29"]
[Round "2"]
[White "Dybvik, Bjørn Noralf"]
[Black "Berg-Olsen, Sebastian N"]
[Result "1-0"]
[WhiteElo "1650"]
[BlackElo "1342"]
[PlyCount "125"]
[EventDate "2015.??.??"]

1. c4 c5 2. Nc3 Nf6 3. Nf3 d6 4. e3 Bg4 5. Be2 Nc6 6. d4 Qc7 7. O-O b6 8. d5
Bxf3 9. Bxf3 Ne5 10. Be2 g6 11. e4 Bg7 12. f4 Ned7 13. Re1 e5 14. dxe6 fxe6 15.
Nb5 Qd8 16. Nxd6+ Ke7 17. Bf3 Rb8 18. e5 Ne8 19. Qa4 Nxd6 20. exd6+ Kxd6 21.
Rd1+ Ke7 22. Qc6 Rc8 23. Qd6+ Ke8 24. Qxe6+ Qe7 25. Bg4 Bd4+ 26. Kh1 Qxe6 27.
Bxe6 Kd8 28. Bxd7 Kxd7 29. Be3 Kc6 30. Bxd4 cxd4 31. Rxd4 Rhe8 32. Rad1 Re2 33.
R4d2 Rce8 34. h3 Rxd2 35. Rxd2 Re1+ 36. Kh2 Re7 37. b3 Kc5 38. h4 a5 39. Kh3 h5
40. Rd5+ Kc6 41. Rg5 Re6 42. f5 gxf5 43. Rxf5 Re2 44. Rxh5 Rxa2 45. Rb5 a4 46.
bxa4 Rxa4 47. h5 Rxc4 48. Rf5 Re4 49. Rf6+ Kc5 50. h6 Re7 51. g4 b5 52. g5 Re1
53. Rf7 Rg1 54. h7 Rh1+ 55. Kg4 Rg1+ 56. Kh5 Rh1+ 57. Kg6 b4 58. Rf8 b3 59.
h8=Q Rxh8 60. Rxh8 Kc4 61. Rb8 Kc3 62. Kf6 Kc2 63. Rxb3
1-0

[Event "Fagernes Chess International"]
[Site "Fagernes"]
[Date "2015.03.29"]
[Round "2"]
[White "Mrachek, Svetlana"]
[Black "Hina, Ariza"]
[Result "1-0"]
[WhiteElo "1617"]
[BlackElo "816"]
[PlyCount "105"]
[EventDate "2015.??.??"]

1. d4 Nf6 2. c4 e6 3. Nf3 Bb4+ 4. Bd2 Bxd2+ 5. Nbxd2 d5 6. e3 Nbd7 7. Bd3 b6 8.
cxd5 exd5 9. Rc1 Bb7 10. O-O O-O 11. Ng5 h6 12. Nh3 Re8 13. Re1 Ne4 14. f3 Nxd2
15. Qxd2 Nf6 16. Qf2 Nh7 17. Bxh7+ Kxh7 18. Qc2+ Kg8 19. Qxc7 Re7 20. Qc2 Rc8
21. Qd3 Re6 22. Nf4 Re8 23. Rc3 Rxc3 24. bxc3 Qc8 25. Qd2 Qc4 26. Rc1 Ba6 27.
Kf2 g5 28. Nh5 Qd3 29. Qxd3 Bxd3 30. Nf6+ Kf8 31. Nxe8 Kxe8 32. Rd1 Bc4 33. a3
Kd7 34. e4 f6 35. g3 Kc6 36. e5 fxe5 37. dxe5 Kd7 38. f4 Ke6 39. Ke3 g4 40. h3
gxh3 41. Rh1 h5 42. Rxh3 a5 43. Rxh5 b5 44. Rh6+ Kf7 45. f5 a4 46. Kd4 Kg7 47.
Rg6+ Kf7 48. e6+ Ke7 49. Ke5 Bb3 50. f6+ Kf8 51. e7+ Ke8 52. Rg8+ Kf7 53. e8=Q#
1-0

[Event "Fagernes Chess International"]
[Site "Fagernes"]
[Date "2015.03.29"]
[Round "2"]
[White "Galinskyi, Mykhalo"]
[Black "Kløfsrud, August Kristiansen"]
[Result "0-1"]
[WhiteElo "1490"]
[BlackElo "1571"]
[PlyCount "64"]
[EventDate "2015.??.??"]

1. e4 e6 2. d4 d5 3. e5 c5 4. c3 Nc6 5. Nf3 Qb6 6. a3 Bd7 7. b4 cxb4 8. cxb4
Nge7 9. Be3 Nf5 10. Qd3 Rc8 11. Nbd2 a5 12. bxa5 Qxa5 13. Rb1 Bxa3 14. Qb3 Nb4
15. Be2 Ba4 16. Nc4 dxc4 17. Qc3 Nc2+ 18. Kd2 Bb4 19. Rxb4 Nxb4 20. Rb1 Nc6 21.
Ra1 Qxc3+ 22. Kxc3 Bb5 23. Rb1 Ba6 24. Bc1 O-O 25. Ba3 Rfd8 26. Bc5 Nfe7 27.
Bxc4 Nd5+ 28. Kd3 Bxc4+ 29. Kxc4 b6 30. Bd6 Nxe5+ 31. Kb3 Nxf3 32. gxf3 Rxd6
0-1

[Event "Fagernes Chess International"]
[Site "Fagernes"]
[Date "2015.03.29"]
[Round "2"]
[White "Merkesvik, Amalie Isabel"]
[Black "Ingebretsen, Jens E"]
[Result "0-1"]
[WhiteElo "1462"]
[BlackElo "1449"]
[PlyCount "60"]
[EventDate "2015.??.??"]

1. e4 e5 2. Nf3 Nc6 3. Bc4 Bc5 4. Nxe5 Nxe5 5. Bb3 Ng6 6. d4 Bb6 7. Be3 d6 8.
Nc3 c6 9. Qf3 Qf6 10. Qg3 h6 11. O-O-O Qe7 12. Rhe1 Bc7 13. f4 Qh4 14. f5 Qxg3
15. hxg3 N6e7 16. g4 Bd7 17. d5 c5 18. e5 b5 19. e6 c4 20. exd7+ Kxd7 21. Nxb5
cxb3 22. axb3 Bb6 23. Bf4 Bc7 24. Re3 a6 25. Nxc7 Kxc7 26. c4 Kd7 27. c5 dxc5
28. Rc3 Rc8 29. d6 Nc6 30. Rxc5 Nf6
0-1

[Event "Fagernes Chess International"]
[Site "Fagernes"]
[Date "2015.03.29"]
[Round "2"]
[White "Gaure, Sigurd Lauvås"]
[Black "Sæteren, Erlend"]
[Result "1-0"]
[WhiteElo "1370"]
[BlackElo "1428"]
[PlyCount "173"]
[EventDate "2015.??.??"]

1. e4 c5 2. Nf3 g6 3. e5 Bg7 4. Bb5 a6 5. Bc4 Nc6 6. Bd5 Nxe5 7. Nxe5 Bxe5 8.
Qf3 e6 9. Bxb7 Bxb7 10. Qxb7 Rb8 11. Qxa6 Rxb2 12. Bxb2 Bxb2 13. Nc3 Bxa1 14.
O-O Bxc3 15. dxc3 Nf6 16. Qd6 Qe7 17. Qb8+ Qd8 18. Qd6 Ne4 19. Qe5 Qf6 20. Qxe4
O-O 21. Qd3 d5 22. Ra1 Qf5 23. Qxf5 exf5 24. a4 Ra8 25. a5 Kf8 26. Kf1 Ke7 27.
Ke2 Kd6 28. Kd3 Kc6 29. c4 Ra6 30. f4 f6 31. cxd5+ Kxd5 32. c4+ Kc6 33. Ke3 h5
34. h3 g5 35. fxg5 fxg5 36. Kf3 Kd6 37. g4 hxg4+ 38. hxg4 f4 39. Rd1+ Ke6 40.
Rd5 Rxa5 41. Rxg5 Kd6 42. Rd5+ Kc6 43. Kxf4 Ra4 44. g5 Rxc4+ 45. Ke5 Rg4 46.
Rd6+ Kc7 47. Rg6 c4 48. Rg7+ Kc6 49. Kf5 Rg2 50. Rg8 Kd7 51. Rg7+ Kd6 52. Rg6+
Kd5 53. Rg8 c3 54. Rc8 c2 55. g6 Rf2+ 56. Kg5 Rg2+ 57. Kf6 Rf2+ 58. Kg7 Rg2 59.
Kh7 Rh2+ 60. Kg8 Kd4 61. g7 Kd3 62. Rd8+ Kc3 63. Rc8+ Kb2 64. Rb8+ Kc3 65. Rc8+
Kb2 66. Kf7 Rf2+ 67. Kg6 Rg2+ 68. Kf7 c1=Q 69. Rxc1 Rf2+ 70. Ke6 Re2+ 71. Kf5
Rf2+ 72. Ke4 Kxc1 73. g8=Q Re2+ 74. Kf3 Kd1 75. Qb3+ Rc2 76. Ke3 Kc1 77. Kd3
Rd2+ 78. Ke3 Rc2 79. Qa3+ Kb1 80. Kd3 Ra2 81. Qb3+ Rb2 82. Qd1+ Ka2 83. Kc3 Ka3
84. Qa1+ Ra2 85. Qc1+ Ka4 86. Qd1+ Ka5 87. Qd5+
1-0

[Event "Fagernes Chess International"]
[Site "Fagernes"]
[Date "2015.03.29"]
[Round "3"]
[White "Ranaldi, Lucas"]
[Black "Kvisla, Johannes Luangtep"]
[Result "1-0"]
[WhiteElo "2014"]
[BlackElo "2174"]
[PlyCount "87"]
[EventDate "2015.??.??"]

1. d4 d6 2. Nf3 g6 3. c4 Bg7 4. e4 Nf6 5. Nc3 O-O 6. Be2 Nbd7 7. O-O e5 8. d5
Nc5 9. Qc2 a5 10. Be3 Ne8 11. Nd2 b6 12. a3 f5 13. f3 f4 14. Bf2 g5 15. b4 Nb7
16. Nb5 h5 17. c5 bxc5 18. bxc5 Nxc5 19. Bxc5 dxc5 20. Qxc5 g4 21. Rfc1 Rf7 22.
Na7 Bf8 23. Qf2 g3 24. hxg3 fxg3 25. Qxg3+ Rg7 26. Nc6 Rxg3 27. Nxd8 Bh3 28.
Bf1 h4 29. Kf2 Bh6 30. Rc2 Rxd8 31. gxh3 Bxd2 32. Rxd2 Nd6 33. Ke3 Rf8 34. Rf2
Rb8 35. Rc1 Rb3+ 36. Bd3 Rxa3 37. Rxc7 Nb5 38. Re7 Nc3 39. Rd2 Rg5 40. d6 Kf8
41. Rh7 Ke8 42. Kf2 Kd8 43. Bc4 Rg6 44. d7
1-0

[Event "Fagernes Chess International"]
[Site "Fagernes"]
[Date "2015.03.29"]
[Round "3"]
[White "Nilsen, Martin"]
[Black "Maloberti, David"]
[Result "0-1"]
[WhiteElo "2025"]
[BlackElo "2140"]
[PlyCount "86"]
[EventDate "2015.??.??"]

1. e3 f5 2. f4 Nf6 3. Nf3 g6 4. b3 Bg7 5. Bb2 O-O 6. Be2 Nc6 7. O-O e6 8. Na3
d6 9. Qe1 Qe7 10. Nb5 a6 11. Nbd4 Nd8 12. b4 Nd5 13. c3 Kh8 14. Bc4 Nb6 15. Bb3
e5 16. Ne2 e4 17. Ng5 Ne6 18. Qh4 Bf6 19. a4 d5 20. b5 c5 21. bxc6 bxc6 22. a5
Nc4 23. Bxc4 dxc4 24. Ba3 c5 25. Rab1 Nxg5 26. fxg5 Bxg5 27. Qg3 Bf6 28. Rb6
Be5 29. Nf4 g5 30. Nd5 Qg7 31. Qh3 Rd8 32. Bxc5 Rxd5 33. Bd4 Bxd4 34. cxd4 Bd7
35. Rb7 Qg6 36. Qg3 Rf8 37. Rfb1 f4 38. exf4 gxf4 39. Qh4 f3 40. g3 f2+ 41. Kf1
e3 42. Kg2 e2 43. Qe4 Qxe4#
0-1